Nom des youtubeurs FR #2 - Statistiques

Statistiques générales
  • Ce quiz a été pris 1 439 fois
  • Le résultat moyen est 8 sur 15
Statistiques - réponses
Hint Réponse % Correct
Amixem Maxime
95%
AmineMaTue Amine
91%
Joyca Jordan
86%
Djilsi Sidjil
80%
Juju Fitcats Justine
76%
Mcfly David
64%
Maghla Barbara
51%
Le Bouseuh Romain
45%
EnjoyPhoenix Marie
42%
Théodort Théodore
40%
Le Grand JD Julien
37%
Rebeudeter Billal
30%
Kaatsup Kalina
26%
Tibo inshape Thibaud
21%
Furious Jumper Alexandre
8%
Aucun quiz correspondant
Distribution des résultats
% des personnes avec chaque résultat
Percentile par nombre de réponses
Votre historique - résultats
Vous n’avez pas pris ce quiz